| 000 | 00424nam a2200109Ia 4500 | ||
|---|---|---|---|
| 008 | 220216s9999 xx 000 0 und d | ||
| 100 |
_aOrdonez-Giraldo _BA I D H |
||
| 245 | 0 | _aSporothrix insectorum: biological control method of the lace bug Leptopharsa gibbicarina in oil palm culture in Latin America (Hemiptera, Tringidae) | |
| 260 |
_bBulletin de la Societe Entomologique de France _c1993 |
||
| 300 | _a77-85 | ||
| 942 | _cJS | ||
| 999 |
_c69164 _d69164 |
||